| 000 | 00482nam a22001457a 4500 | ||
|---|---|---|---|
| 999 |
_c512750 _d512750 |
||
| 008 | 191213b ||||| |||| 00| 0 eng d | ||
| 100 |
_aEdara, Ravi Kiran _914534 |
||
| 245 | _ae-Sampark: The 'E-mail only' protocol for all government offices (Note) | ||
| 260 | _bIndian Journal of Public Administration | ||
| 300 | _a65(2), Jun, 2019: p.515-524. | ||
| 650 |
_ae-Sampark _914535 |
||
| 773 | _aIndian Journal of Public Administration | ||
| 906 | _aElectronic mail | ||
| 942 | _cAR | ||